LEADER 01334nam a2200313 u 4500 001 000000053831 003 CaOOAMICUS 005 20070226115614.0 008 001122s1972 it u000 u ita u 035 $a10862097 040 $aPUL(R)$bita 100 1 $aPavan, Pietro,$ccard.,$d1903-1994.$0(OLS)http://pul/name/3121 245 12$aL'ateismo di massa in prospettiva storica /$cPietro Pavan. 260 $aRoma :$bEdizioni Paoline,$c1972. 300 $a109 p. ;$c18 cm 490 1 $aPunti scottanti di teologia ;$v73 504 $aNota bibliografica p. 7. 650 4$aCristianesimo e ateismo.$0(OLS)http://pul/subject/407 650 4$aAteismo (filosofia).$0(OLS)http://pul/subject/4943 830 0$aPunti scottanti di teologia ;$v73.$0(OLS)http://pul/title/510 850 $aPUL 852 $aPUL$W1$xDP1 Fondo Giannini$y60$m1555 D 47$j70957$nBK-PRI$b $qFondi$B70957$CPULBib$Z2$F70957 $H $81 852 $aPUL$W1$xSL Religione 1$y3$m58 L 31$j70958$n $b $qStampati$B70958$CPULBib$Z2$F70958 $H $81 941 1 $a1 941 1 $a8 961 $aINV: Fondo Giannini 961 $aINV: 35731 996 $6245$aL'ateismo di massa in prospettiva storica$9(OLS)http://pul/title/72202 996 $6260$aRoma :$bEdizioni Paoline$9(OLS)http://pul/publisher/47933 LEADER 01838nam a2200349 a 4500 001 000000161068 003 CaOOAMICUS 005 20170531105028.0 008 170531s1979 enkc u000 u eng r 020 $a978-0-415-56873-9* 032 $aLibriCat 040 $aPUL$bita 100 1 $aMill, John Stuart,$d1806-1873.$0(OLS)http://pul/name/15219 245 13$aAn examination of Sir William Hamiltons philosophy and of the principal philosophical questions discussed in his writings /$cby John Stuart Mill ; editor of the text J. M. Robson ; introduction by Alan Ryan. 260 $aAbingdon, Oxon :$bRoutledge,$cİ1979. 300 $acviii, 625 p. :$britr. ;$c24 cm. 490 1 $aCollected works of John Stuart Mill ;$v09 504 $aBibliografia in nota. 600 14$aHamilton, William.$0(OLS)http://pul/subject/22794 700 1 $aRobson, John M.$0(OLS)http://pul/name/103111 700 1 $aRyan, Alan,$d1940-$0(OLS)http://pul/name/103116 800 1 $aMill, John Stuart,$d1806-1873.$tOpera omnia ;$v09.$0(OLS)http://pul/nameTitle/1885$0(OLS)http://pul/name/15219$0(OLS)http://pul/title/2415 830 0$aCollected works of John Stuart Mill ;$v09.$0(OLS)http://pul/title/200781 850 $aPUL 852 $aPUL$W1$xDP2 Filosofia 3$y112$m192 MILJO 1.9$j185016$bRistampa del 2009$qDDC 21$B188211$CPULBib$Z2$F188211 $H129743 $81 900 $aStuart Mill, John,$d1806-1873$915219 900 $aStuart Mill, John,$d1806-1873$915219 941 1 $a9 996 $6020$a978-0-415-56873-9*$9(OLS)http://pul/number/162786 996 $6245$aAn examination of Sir William Hamiltons philosophy and of the principal philosophical questions discussed in his writings$9(OLS)http://pul/title/200786 996 $6260$aAbingdon, Oxon :$bRoutledge$9(OLS)http://pul/publisher/86312